000 00607nas a2200217 4500
001 BR9506617
003 BR-BrBNA
005 20231205094455.0
007 ta
008 230509b bl.|||p| |||| 00| 00por d
040 _aBR-BrBNA
_bpor
_cBiblioteca Nacional de Agricultura
041 _a(Pt)
072 _aN20
100 1 _aSilveira, G.M. da
245 1 _aLimpeza das pastagens com rocadeira
650 _aPastagem
650 _aRocadeira
773 0 _tProdutor de Leite (Brazil)
_x
_g(May-Jun 1995), v. 24(150) p. 44-45
_wBR9506617
909 _a202311
_bLúcia
_c55
_dLúcia Elande
942 _2AGRIS
_n0
_cANA
999 _c144588
_d144588